Statistics for Chandler's (Friends) 6 minute- name all states quiz

Click here to take the quiz!

General Stats

  • This quiz has been taken 15,088 times
  • The average score is 41 of 50

Answer Stats

Answer% Correct
California
95%
New York
95%
Alabama
93%
Florida
93%
Alaska
92%
North Dakota
92%
Texas
92%
South Dakota
91%
Washington
91%
North Carolina
89%
Arkansas
88%
Georgia
88%
Hawaii
88%
South Carolina
88%
Arizona
87%
New Mexico
87%
Ohio
87%
Colorado
86%
Delaware
84%
Illinois
84%
Maine
84%
Nevada
84%
New Jersey
84%
Virginia
84%
Idaho
83%
Kansas
83%
Kentucky
82%
Michigan
81%
Mississippi
81%
Oregon
81%
Utah
81%
West Virginia
81%
Indiana
80%
Louisiana
80%
Wyoming
80%
Montana
79%
New Hampshire
78%
Rhode Island
78%
Tennessee
78%
Pennsylvania
77%
Vermont
77%
Connecticut
76%
Iowa
75%
Maryland
75%
Oklahoma
75%
Wisconsin
74%
Minnesota
72%
Missouri
71%
Nebraska
71%
Massachussetts
56%

Score Distribution

Percentile by Number Answered

Percent of People with Each Score

Your Score History

You have not taken this quiz